Marketing orientovaný na seniorov

Guardado en:
Detalles Bibliográficos
Autor principal: Matušovičová, Monika, 1967-
Autor Corporativo: Ekonomická univerzita v Bratislave. Obchodná fakulta
Otros Autores: Čihovská, Viera, Kriváň, Andrej
Formato: Libro
Lenguaje:eslovaco
Publicado: Bratislava Vydavateľstvo EKONÓM 2016
Edición:1. vyd.
Materias:
Etiquetas: Agregar Etiqueta
Sin Etiquetas, Sea el primero en etiquetar este registro!

MARC

LEADER 00000nam a2200000 4500
001 0222805
005 20240502073639.5
020 |a 978-80-225-4257-9 
041 0 |a slo 
044 |a SK 
245 1 0 |a Marketing orientovaný na seniorov  |c Monika Matušovičová ; recenzenti: Viera Čihovská, Andrej Kriváň 
250 |a 1. vyd. 
264 1 |a Bratislava  |b Vydavateľstvo EKONÓM  |c 2016 
300 |a 118 s. [8,1 AH] 
610 2 0 |a marketing 
610 2 0 |a seniori 
610 2 0 |a starnutie populácie 
610 2 0 |a segmentácia trhu 
610 2 0 |a marketing mix 
610 2 0 |a produkty 
610 2 0 |a ceny 
610 2 0 |a distribúcia 
610 2 0 |a predaj 
610 2 0 |a komunikácia marketingová 
100 1 |a Matušovičová, Monika, 1967- 
700 1 |a Čihovská, Viera 
700 1 |a Kriváň, Andrej 
710 2 |a Ekonomická univerzita v Bratislave. Obchodná fakulta